000 00799nam a22002777a 4500
001 8444
003 FISKH
005 20250912104653.0
008 250912b cb ||||| |||| 00| 0 eng d
020 _a9781406329773
040 _aFISKH
_beng
_cFISKH
_dFISKH
050 _aPZ7
082 _a398.2
100 _aDoherty, Berlie
245 _aThe frog prince /
_cBerlie Doherty ; illustrated by Jane Ray
260 _aLondon :
_bWalker Books,
_c2000.
300 _a24 pages :
_bcolor illustrations ;
_c22 cm
505 _aO
520 _aThis text is an illustrated retelling of the classic fairy tale.
521 8 _a640
_bLexile
521 8 _aO
_bRaz-Plus
650 _aFairy Tales
_vFrog Prince
700 _aRay, Jane
_eillustrator
942 _2ddc
_cBK
_n0
999 _c8444
_d8444